| 000 | 00779 a2200217 4500 | ||
|---|---|---|---|
| 005 | 20171115154157.0 | ||
| 008 | 171115s2008 xxu|||||r|||| 00| 0 eng d | ||
| 020 | _a9781603580557 | ||
| 040 |
_aCO-BoUCM _bspa _cSandra Palacio _dSandra Palacio |
||
| 041 | 0 | _aeng | |
| 100 | 1 |
_aMeadows, Donella H. _964850 |
|
| 245 | 1 | 0 |
_aThinking in systems _bA Primer _cDonella H. Meadows editado por Diana Wright |
| 260 |
_bChelsea Green Publishing _aWhite River Junction (Vermont, Estados Unidos) _c2008 |
||
| 300 | _axiii, 218 páginas | ||
| 650 | 1 | 7 |
_98114 _aSistemas |
| 650 | 2 | 7 |
_919455 _aMétodos de simulación |
| 650 | 2 | 7 |
_921261 _aPensamiento crítico |
| 700 | 1 |
_aWright, Diana _eeditor _989016 |
|
| 942 |
_cLIBRO _2DEWEY _a1 _e1 _h003 _mM482th |
||
| 999 |
_c308021 _d308021 |
||